Statistics for Wordle Words SH--E

Click here to take the quiz!

General Stats

  • This quiz has been taken 47 times
  • The average score is 10 of 12

Answer Stats

SH--E% Correct
shake
89%
shame
89%
share
87%
shale
84%
shape
84%
shine
84%
shade
82%
shone
82%
shire
78%
shore
78%
shove
69%
shave
67%

Score Distribution

Percentile by Number Answered

Percent of People with Each Score

Your Score History

You have not taken this quiz